[Event "Istanbul op 5th"]
[Site "Istanbul"]
[Date "2006.09.03"]
[Round "5"]
[White "Gurevich, Mikhail"]
[Black "Karpatchev, Aleksandr"]
[Result "1-0"]
[WhiteElo "2643"]
[BlackElo "2533"]
[Annotator "Gurevich,M"]
[PlyCount "63"]
[EventDate "2006.08.30"]
[EventType "swiss"]
[EventRounds "9"]
[EventCountry "TUR"]
[SourceTitle "EXT 2007"]
[Source "ChessBase"]
[SourceDate "2006.11.23"]
[SourceVersion "1"]
[SourceVersionDate "2006.11.23"]
[SourceQuality "1"]

1. d4 d5 2. c4 Nc6 3. Nf3 Bg4 4. Nc3 e6 5. cxd5 exd5 6. Bf4 Nf6 (6... Bxf3 7.
gxf3 Bd6 8. Bg3 Nge7 9. e3 Qd7 10. a3 f5 11. Nb5 Bxg3 12. hxg3 Nd8 13. Nc3 Nf7
14. Ne2 b6 15. Rc1 g5 16. f4 g4 17. Rh5 O-O-O 18. Rc2 Ng8 19. Qd3 Nd6 20. Nc1
Nf6 21. Qa6+ Kb8 22. Rh6 Qg7 23. Nd3 Nc4 24. Nc5 bxc5 25. Rxf6 Nd6 26. dxc5
Qxf6 27. Rc3 Qxc3+ 28. bxc3 Ne4 29. Qc6 {1-0 Gagunashvili,M-Moiseenko,A/
Kusadasi TUR 2006}) 7. e3 Bb4 (7... Bd6 8. Bg5 Ne7 9. Bxf6 gxf6 10. Be2 c6 11.
Qc2 Rg8 12. Nh4 Be6 13. Qxh7 f5 14. Bd3 Kd7 15. Bxf5 Nxf5 16. Nxf5 Bb4 17. Ng7
Qe7 18. Nxe6 Qxe6 19. g3 Rg6 20. Qh5 $14 {0-1 Olsen,P-Miladinovic,I/Genova
2003/PowerBook2005 (33)}) 8. Be2 Ne4 $5 {TN} (8... O-O 9. O-O h6 10. Rc1 Nh5
11. Be5 Bxc3 12. Rxc3 f6 13. Bg3 Nxg3 14. hxg3 Ne7 15. Qc2 {1/2-1/2 Lukacs,
P-Antal,G/Hungary 2005/Mega2006}) 9. Qc2 Qe7 10. O-O Bxc3 11. bxc3 g5 $5 (11...
O-O 12. Rab1 b6 13. c4 $14) 12. Bg3 h5 (12... O-O-O 13. Rab1 (13. Bb5 $5) 13...
h5 $13) 13. c4 $1 h4 $6 (13... Nb4 14. Qb2 h4 15. Be5 {[-13...h4]}) 14. Be5 $5
(14. Bxc7 Rc8 (14... dxc4 15. Bxc4 Nf6 16. Be5) 15. cxd5 Rxc7 16. dxc6 h3 $14)
14... Nb4 15. Qb2 (15. Qa4+ Bd7 16. Qb3 f6 17. Bxc7 g4 $36) 15... f6 16. a3 h3
17. g3 fxe5 18. axb4 Bxf3 (18... dxc4 19. Nxe5 c3 20. Bb5+ $5 c6 21. Qc2 $16)
19. Bxf3 O-O 20. Bh1 $1 $16 {[xd5,e4,Kg8]} g4 21. dxe5 Rf5 22. cxd5 Rxe5 23.
Qe2 Nf6 24. Qc4 Kh8 25. Qd4 a6 26. b5 $1 a5 27. b6 cxb6 28. Rfb1 $18 Ra6 29. d6
Qe6 30. Bxb7 Ra7 31. Rxb6 Nd7 32. Rbb1 1-0

[Event "Nuremberg LGA Cup 3rd"]
[Site "Nuremberg"]
[Date "2006.09.10"]
[Round "7"]
[White "Graf, Alexander"]
[Black "Zaragatski, Ilja"]
[Result "1-0"]
[WhiteElo "2583"]
[BlackElo "2436"]
[Annotator "Gutman,L"]
[PlyCount "53"]
[EventDate "2006.09.07"]
[EventType "swiss"]
[EventRounds "7"]
[EventCountry "GER"]
[SourceTitle "CBM 114 Extra"]
[Source "ChessBase"]
[SourceDate "2006.11.03"]
[SourceVersion "1"]
[SourceVersionDate "2006.11.03"]
[SourceQuality "1"]

1. d4 d5 2. c4 Nc6 3. Nc3 Nf6 4. e3 dxc4 5. Bxc4 e5 6. d5 Ne7 7. Nge2 a6 {
Graf wählt gegen die Tschigorin-Verteidigung eine einfache Methode, die jedoch
nicht zu unterschätzen ist.} 8. Ng3 ({Eine Verbesserung gegenüber} 8. a3 Ng6 9.
Ng3 Be7 10. O-O O-O 11. Ba2 Kh8 12. Qc2 Ne8 13. Bd2 $11 {, Graf-Tu Hoang Thong,
Calvia Olympiade 2004}) 8... Ng6 9. O-O Bc5 10. a3 O-O 11. b4 Ba7 12. Bb2 Ne8
13. Nce4 f5 ({Solider erscheint} 13... Qh4 $5 {, z. B.} 14. Qh5 Qxh5 15. Nxh5
Nd6 16. Nxd6 cxd6 17. Rfc1 Bd7 18. Bd3 Rac8 19. Rxc8 Rxc8 20. Ng3 Ne7 21. Ne4
Bb8 $11 {mit genügend Gegenspiel.}) 14. Nc5 Nd6 15. Bb3 Kh8 ({Der Schwarze hat
sich auf} 15... f4 16. exf4 exf4 {verlassen, doch erweist sich die weiße
Strategie als gesünder nach} 17. Nh5 ({auch} 17. Ne6 Bxe6 18. dxe6 Qe7 19. Nh5
f3 20. g3 Nf5 21. Bc2 Rad8 22. Qxf3 Bd4 23. Bxf5 Bxb2 24. Rab1 Ne5 25. Qe4 g6
26. Rxb2 Rxf5 27. Nf4 $16 {schlägt zu weißem Vorteil aus}) 17... f3 18. g3 Qg5
(18... Bxc5 19. bxc5 Qd7 20. Qd4 Rf7 {erlaubt die Parade} 21. Qxg7+ Rxg7 22.
Nf6+ Kf8 23. Nxd7+ Rxd7 24. cxd6 $16) 19. Nxg7 Nf4 ({oder} 19... Qg4 20. Kh1
Qh3 21. Rg1 $16) 20. Nge6 Ne2+ 21. Qxe2 fxe2 22. Nxg5 exf1=Q+ 23. Rxf1 $16) 16.
f4 Qe7 17. Kh1 b6 18. Nd3 exf4 19. exf4 Ne4 20. Nh5 $16 {Die schwarze Lage ist
trostlos.} Nf6 21. Ne5 Bb7 22. Re1 Qd8 23. Rc1 b5 24. Nc6 Bxc6 25. Nxf6 gxf6
26. Rxc6 Nxf4 27. Qf3 1-0

[Event "Donner Memorial"]
[Site "Amsterdam"]
[Date "1995.??.??"]
[Round "1"]
[White "Granda Zuniga, Julio E"]
[Black "Morozevich, Alexander"]
[Result "1-0"]
[WhiteElo "2605"]
[BlackElo "2630"]
[Annotator "Hansen,LB"]
[PlyCount "93"]
[EventDate "1995.08.??"]
[EventType "tourn"]
[EventRounds "11"]
[EventCountry "NED"]
[EventCategory "16"]
[SourceTitle "CBM 049"]
[Source "ChessBase"]
[SourceDate "1995.12.01"]
[SourceVersion "1"]
[SourceVersionDate "1995.12.01"]
[SourceQuality "1"]

1. d4 d5 2. c4 Nc6 3. Nf3 Bg4 4. cxd5 (4. Qa4 Bxf3 5. exf3 (5. gxf3) 5... e6 (
5... dxc4 6. Bxc4 Qxd4 7. Nc3 $44) 6. Nc3 Bb4 7. a3 Bxc3+ 8. bxc3 Nge7 9. Rb1
Rb8 10. cxd5 Qxd5 11. Bd3 O-O 12. O-O $14 {^^;Aljechin-Colle/Paris/1925/}) 4...
Bxf3 5. dxc6 (5. gxf3) 5... Bxc6 6. Nc3 e6 7. e4 Bb4 8. f3 Qh4+ $5 (8... f5 $5
{Pillsbury -Chigorin/St.Petersburg/1995-96!}) 9. g3 Qh5 10. Be2 O-O-O 11. Be3
f5 $1 $132 12. Qb3 $1 Bxc3+ 13. bxc3 fxe4 $8 14. Qxe6+ $8 Bd7 15. Qxe4 Re8 $6 (
15... Nf6 $5 16. Qe5 Qf7 $132) 16. Qd3 Ne7 17. c4 Nf5 18. Bf4 $1 Ba4 19. Kf2
Rhf8 20. h4 $8 Qg6 $1 21. Rab1 Qf6 $1 {>< d4} 22. Bd1 $1 Bd7 23. d5 Qe7 24. Rb3
Qc5+ 25. Kg2 Rf7 $1 26. Qd2 Rfe7 $44 27. Bg5 Re5 28. Bf4 Ne3+ $6 (28... R5e7
29. Bg5 Re5 $10) 29. Bxe3 Rxe3 30. Rxe3 Rxe3 (30... Qxe3 $5) 31. Bc2 b6 $2 (
31... h6 $132) 32. Bxh7 $16 Ra3 33. Bb1 Qxc4 34. Rc1 Qb5 35. Qc2 Qc5 $8 36.
Qxc5 bxc5 37. Rxc5 $18 Kb7 38. g4 Kb6 39. Rc2 Ra4 40. Rd2 Kc5 41. h5 Kd6 42.
Be4 Bb5 43. g5 Ke5 44. Kg3 Bc4 45. Rc2 Kd4 46. h6 gxh6 47. gxh6 1-0

[Event "Biel Credit Suisse"]
[Site "Biel"]
[Date "1997.07.31"]
[Round "9"]
[White "Karpov, Anatoly"]
[Black "Milov, Vadim"]
[Result "1-0"]
[WhiteElo "2745"]
[BlackElo "2635"]
[Annotator "Huzman,A"]
[PlyCount "69"]
[EventDate "1997.07.20"]
[EventType "tourn"]
[EventRounds "10"]
[EventCountry "SUI"]
[EventCategory "17"]
[SourceTitle "CBM 060"]
[Source "ChessBase"]
[SourceDate "1997.09.29"]
[SourceVersion "1"]
[SourceVersionDate "1997.09.29"]
[SourceQuality "1"]

1. d4 d5 2. c4 dxc4 3. e4 Nc6 4. Nf3 Bg4 5. d5 Ne5 6. Bf4 Ng6 7. Be3 Nf6 8. Nc3
e5 9. Bxc4 a6 10. O-O (10. h3 Bd7 11. O-O (11. h4 h5 12. Ng5 Bd6 13. f3 Qe7 14.
g3 Nh7 15. Qd2 Nxg5 16. Bxg5 f6 17. Be3 Bc5 18. Rc1 O-O-O 19. a3 Kb8 20. Na2
Bxe3 {Hillarp Persson,T-De la Villa Garcia,J/Benasque op 1995/EXT 95op/0-1 (35)
}) 11... Bd6 12. Nd2 O-O 13. Re1 Ne8 14. Bf1 Be7 15. Nc4 Nd6 16. Nxd6 Bxd6 17.
Rc1 Qh4 18. g3 Qe7 19. Bg2 h6 20. Nb1 f5 21. exf5 Bxf5 22. Nd2 Qd7 23. Qh5 Ne7
24. Ne4 Bg6 25. Qg4 Bf5 26. Qh5 Bg6 {1/2-1/2 Razuvaev,Y-Ibragimov,I/Dortmund
op-A 1992/TD 92\03}) (10. Be2 Bd6 11. Nd2 Bxe2 12. Qxe2 O-O 13. O-O Qd7 14. f3
Rfc8 15. Rfd1 Ne8 16. Nb3 h6 17. Rac1 Kh7 18. Rc2 Rcb8 19. Rdc1 b5 {
Azmaiparashvili,Z-Piket,J/Wijk op 1993/CBM 34/0-1 (64)}) 10... Bd6 11. Be2 {
[%cal Gf3d2,Gd2c4,Gd2b3,Gb3c5]} O-O 12. Nd2 Bd7 {[%cal Yg6f4]} 13. Rc1 (13. g3
$5 b5 14. a3 c6 $132) (13. Nc4 Bb4 14. Qc2 b5 15. Nd2 c6 $132) 13... Qe7 14. a3
{[%cal Gd2c4]} b5 {[%cal Yc7c6]} 15. Nb3 Nf4 (15... c6 16. dxc6 Bxc6 17. Na5 $1
$16 Bxe4 $140 18. Nxe4 Nxe4 19. Bf3 f5 20. Qd5+ Kh8 21. Bxe4 fxe4 22. Rfd1 $18)
16. Bf3 Kh8 (16... g5 $5) 17. Na2 g5 18. Nc5 Rg8 (18... g4 19. Be2) 19. Nb4 Rg6
20. Qc2 g4 21. Be2 Rag8 22. Rfd1 (22. Nbxa6 Bc8 23. Nb4 N6h5 24. g3) 22... N6h5
{[%cal Yg4g3]} 23. g3 Bc8 24. Nc6 (24. gxf4 $2 g3 25. hxg3 Nxg3 26. fxg3 Rxg3+
$19 {[%cal Ye7h4]}) 24... Qg5 25. Bf1 Rh6 26. Qc3 Nf6 27. Nd3 $1 {[%csl Re5]} (
27. gxf4 $6 Qh4 28. Bg2 exf4 29. Bd4 f3 $40) 27... Qh5 28. h4 gxh3 29. Ndxe5
$18 Rg7 30. Bxf4 Nxe4 31. Qe3 Qf5 32. Bxh6 h2+ 33. Kxh2 Nxf2 34. Bxg7+ Kxg7 35.
Rd4 1-0

[Event "RUS-ch sf 58th"]
[Site "Kazan"]
[Date "2005.09.07"]
[Round "5"]
[White "Jakovenko, Dmitrij"]
[Black "Yakovich, Yuri"]
[Result "1-0"]
[WhiteElo "2627"]
[BlackElo "2560"]
[Annotator "Huzman,A"]
[PlyCount "93"]
[EventDate "2005.09.03"]
[EventType "swiss"]
[EventRounds "9"]
[EventCountry "RUS"]
[SourceTitle "CBM 109"]
[Source "ChessBase"]
[SourceDate "2005.11.14"]
[SourceVersion "1"]
[SourceVersionDate "2005.11.14"]
[SourceQuality "1"]

1. d4 d5 2. c4 dxc4 3. e4 Nc6 4. Nf3 Bg4 5. d5 Ne5 6. Bf4 Ng6 7. Be3 Nf6 8. Nc3
e5 9. Bxc4 a6 10. Be2 Bd6 11. Nd2 Bd7 (11... Bxe2 12. Qxe2 O-O (12... Qe7 13.
O-O O-O 14. Nc4 Bb4 15. f3 b5 16. Nd2 c6 17. dxc6 Bxc3 18. bxc3 Qd6 19. c4 Qxc6
20. cxb5 Qxb5 21. Nc4 $14 {1-0 Graf,A-Botsari,A/Aegina 1996/EXT 97 (46)}) 13.
O-O Qd7 (13... Qe7 14. Rfd1 h6 15. Rac1 Nf4 16. Qf1 Ng4 17. Nc4 b5 18. Nxd6
cxd6 $11 {0-1 Peek,M-L'Ami,E/Wijk aan Zee NED 2003/(41)}) (13... Nd7 14. Nb3
Qe7 15. Rac1 Rfc8 16. Rc2 Nf4 17. Qd2 a5 18. g3 Nh5 19. Nb5 Nhf6 20. f3 a4 21.
Nc1 Bb4 22. Qf2 Ne8 23. Nd3 $16 {1-0 Podgaets,M-Raetsky,A/Biel 1997/CBM 60 ext
(68)}) 14. f3 Rfc8 15. Rfd1 Ne8 16. Nb3 h6 17. Rac1 Kh7 18. Rc2 Rcb8 19. Rdc1
b5 20. Na5 $16 {0-1 Azmaiparashvili,Z-Piket,J/Wijk aan Zee 1993/CBM 34 (64)})
12. a3 (12. O-O O-O 13. Nc4 (13. a3 Nf4 (13... Qe7 14. Rc1 (14. b4 Nf4 15. Nc4
Nxe2+ 16. Qxe2 Ng4 17. Rac1 Qh4 18. h3 Nxe3 19. Qxe3 f5 20. Nxd6 f4 21. Qf3
cxd6 22. Rc2 g5 $36 {0-1 Schoenbuchner,G-Flaherty,K/IECG 2001/Telechess CBM 99
(35)}) 14... h6 (14... Nf4 15. Bf3 Nd3 16. Rc2 Nc5 17. b4 Na4 18. Nc4 $16 {
1-0 Knudsen,J-Rhodes,J/BFCC Email 2000/ICCF tele 1/2002 (46)}) (14... b5 15.
Nb3 Nf4 16. Bf3 Kh8 17. Na2 g5 18. Nc5 Rg8 19. Nb4 Rg6 $132 {1-0 Karpov,
A-Milov,V/Biel 1997/CBM 60/[Huzman] (35)}) 15. Re1 Nf4 $6 16. Bxf4 exf4 17. Nc4
$16 {[%cal Ge4e5] 1-0 Bauer,C-Skripchenko Lautier,A/Val d'Isere 2002/CBM 91/
[Huzman] (35)}) 14. Bf3 g5 15. Nc4 Kh8 16. Na5 b5 17. Nb7 Qe7 18. b4 Rg8 19.
Nc5 Bc8 20. a4 $36 {1-0 Ehlvest,J-Baburin,A/Oak Bridge 2000/EXT 2001 (35)}) (
13. Rc1 b5 14. a3 c5 15. dxc6 Bxc6 16. Na4 Rc8 17. Nc5 Nf4 18. Bxf4 exf4 19.
Nxa6 Qb6 20. Nb4 Bxb4 21. axb4 Nxe4 22. Nxe4 Bxe4 23. Qd7 Rxc1 24. Rxc1 f3 25.
gxf3 Qf6 26. Rc8 $16 {1-0 Kuzmin,A-Baburin,A/Andorra 1998/EXT 2003 (44)}) (13.
f3 Qe7 14. Nc4 Bc5 15. Qd2 Ne8 16. Rac1 Bxe3+ 17. Qxe3 Nd6 18. Nxd6 Qxd6 19. g3
f5 20. exf5 Bxf5 21. Ne4 Bxe4 22. fxe4 Rxf1+ 23. Bxf1 $16 {1-0 Sakaev,
K-Brynell,S/Bremer GER 2004/(87)}) 13... Bb4 14. Qd3 (14. Qc2 b5 15. Nd2 c6 $11
{1/2-1/2 Beliavsky,A-Kharlov,A/Istanbul 2003/CBM 96/[Huzman] (33)}) (14. Bg5 h6
15. Bxf6 Qxf6 16. Ne3 Bc5 17. Bg4 Bxg4 18. Qxg4 Ne7 19. Rac1 Bxe3 {1/2-1/2
Browne,W-Baburin,A/San Francisco 2002/(19)}) 14... b5 15. Nd2 Bd6 16. Qc2 Ng4
17. Bxg4 Bxg4 18. Nb3 Nf4 19. f3 Bc8 20. Rfe1 f5 21. Bxf4 exf4 22. e5 $16 {
1-0 Lugovoi,A-Ivanov,M/Moscow 1998/EXT 99 (36)}) (12. Qb3 b5 13. f3 O-O 14. O-O
Qe7 15. Rfc1 Rfc8 16. Bf1 h6 17. a4 Bc5 18. Bxc5 Qxc5+ 19. Kh1 Qf2 20. Qc2 c6
$11 {1/2-1/2 Barkhagen,J-Brynell,S/Gothenburg SWE 2004/(31)}) 12... Qe7 13. b4
$5 {[%mdl 4] White seizes space on the queen's side and limits the
possibilities of the Bd6.} Nf4 (13... c5 14. dxc6 Bxc6 15. Nc4 Rd8 16. Qc2 Nf4
17. O-O $14) (13... a5 14. bxa5 Bxa3 15. Nb5 $16) 14. Bf3 {White is ready to
lose the right to castle. In closed positions it is not that dangerous. On the
other side Black lost a lot of time for manoeuvres of the Nf4.} Nd3+ (14... a5
15. bxa5 $5 (15. Nc4 axb4 (15... Bxb4 16. axb4 Qxb4 17. Ra4 Qxc3+ 18. Bd2 Nd3+
19. Kf1 Qd4 20. Nd6+ cxd6 21. Rxd4 exd4 22. Bh6 $1 gxh6 23. Qxd3 $16) 16. axb4
Rxa1 (16... O-O 17. Nxd6 Qxd6 18. O-O Qxb4 19. Qc2 c6 $11) 17. Nxd6+ Qxd6 18.
Qxa1 Qxb4 19. Bxf4 exf4 20. e5) 15... Nd3+ 16. Ke2 Nc5 17. Nc4) 15. Kf1 O-O (
15... a5 16. bxa5 Bc5 17. Qe2 Bxe3 18. Qxe3 Nf4 19. g3 $16) 16. Nc4 Nf4 17. h4
h6 18. g3 $16 Ng6 19. h5 {[%mdl 32]} Nh8 {It is a sad result of the trip of
the black knight. White is going to realise his advantage on the queen's side
now.} 20. Nxd6 (20. Rc1 $5 $16) 20... cxd6 21. Na4 Bb5+ 22. Kg2 Nd7 23. Nb2 $1
Nb8 24. Rc1 (24. a4 Be8 (24... Bd7 25. Nc4 $18) 25. Qc2 f5 26. exf5 $16) 24...
f5 25. exf5 Nf7 (25... Rxf5 26. Bg4 (26. Be4 Rf8 27. Qc2 Nf7 28. Qc7 $18) 26...
Rf8 27. Be6+ Nf7 28. Qc2 $18) 26. a4 Bd7 27. Nc4 b5 (27... Bxa4 28. Qxa4 b5 29.
Qa5 bxc4 30. Rxc4 $18) 28. Nb6 Ra7 29. Nxd7 Rxd7 30. a5 $18 Ng5 (30... e4 31.
Bg4 Rb7 32. Qd4 Nd7 33. Be2 Nf6 34. Rc6 $18) 31. Bxg5 Qxg5 32. Be4 Rdf7 33. Rc2
Nd7 34. Qc1 $1 Qd8 (34... Rxf5 $142 35. Qxg5 $5 Rxg5 36. Rc6 Nf6 37. f3 Nxh5
38. Rxh5 $1 Rxh5 39. Rxa6 $18) 35. f3 Nf6 36. Rc6 Qa8 37. Qe3 Rc8 38. Rhc1 Rxc6
39. Rxc6 Rd7 40. g4 Kh7 41. Qb6 Qf8 42. Qe3 (42. Qxa6 Nxe4 43. fxe4 Qf6 44.
Qxb5 Qh4 45. Qe2 $18) 42... Qa8 43. Kh3 Qd8 44. Rxa6 Rc7 45. Rc6 Rxc6 46. dxc6
d5 47. Qb6 (47. Qb6 Qe8 48. c7 dxe4 49. Qb8 $18) 1-0

[Event "FRA-ch"]
[Site "Val d'Isere"]
[Date "2002.08.22"]
[Round "4"]
[White "Bauer, Christian"]
[Black "Skripchenko, Almira"]
[Result "1-0"]
[WhiteElo "2550"]
[BlackElo "2497"]
[Annotator "Huzman,A"]
[PlyCount "69"]
[EventDate "2002.08.19"]
[EventType "tourn"]
[EventRounds "11"]
[EventCountry "FRA"]
[EventCategory "13"]
[SourceTitle "CBM 091"]
[Source "ChessBase"]
[SourceDate "2002.11.12"]
[SourceVersion "1"]
[SourceVersionDate "2002.11.12"]
[SourceQuality "1"]

1. d4 d5 2. c4 dxc4 3. e4 Nc6 4. Nf3 Bg4 5. d5 Ne5 6. Bf4 Ng6 7. Be3 Nf6 8. Nc3
e5 9. Bxc4 a6 10. Be2 Bd6 11. Nd2 Bd7 12. O-O O-O 13. a3 Qe7 14. Rc1 h6 (14...
Nf4 15. Bf3 Nd3 16. Rc2 Nc5 17. b4 Na4 18. Nc4 Ne8 19. Re1 f5 20. exf5 Nxc3 21.
Rxc3 Bxf5 22. Qd2 Nf6 23. Bc5 e4 24. Bd1 Rac8 25. Nxd6 cxd6 26. Bb3 Ng4 27. Rg3
Qh4 28. Rxg4 Qxg4 29. Bxd6 $44 {1-0 Knudsen,J-Rhodes,J/BFCC Email 2000/ICCF
tele 1/2002 (46)}) (14... b5 15. Nb3 Nf4 16. Bf3 Kh8 17. Na2 g5 18. Nc5 Rg8 19.
Nb4 Rg6 20. Qc2 g4 21. Be2 Rag8 22. Rfd1 N6h5 23. g3 Bc8 24. Nc6 Qg5 25. Bf1
Rh6 26. Qc3 Nf6 27. Nd3 $1 Qh5 28. h4 gxh3 29. Ndxe5 $18 {1-0 Karpov,A-Milov,V/
Biel 1997/CBM 60/[Huzman] (35)}) 15. Re1 Nf4 $6 16. Bxf4 exf4 17. Nc4 {[%cal
Ge4e5]} Be5 18. Nb1 $1 {[%cal Gb1d2,Gd2f3]} Rfe8 (18... b5 19. Nxe5 Qxe5 20.
Qc2 $16 {[%csl Rc7]}) (18... Nxe4 19. Bf3 f5 20. Bxe4 fxe4 21. Rxe4 Rf5 22. Qb3
(22. Nbd2 Bb5 23. Qf3 $16) 22... f3 23. Qe3 Re8 24. Nbd2 $16) 19. Nbd2 b5 (
19... Bd4 20. e5 Nxd5 (20... Bxe5 21. Bf3 $18) 21. Nf3 c5 22. Nxd4 cxd4 23. Bf3
Bc6 24. Nd6 Red8 25. Qxd4 $16) 20. Nxe5 Qxe5 21. Qc2 c6 $4 {[%mdl 8192]} (21...
Rac8 $5 22. Bd3 (22. b4 c6) 22... c5 23. Nf3 Qh5 24. Qd2 $16) 22. dxc6 Rec8 23.
Nf3 Qb8 24. e5 Nh7 (24... Rxc6 25. Qd2 $18) 25. Qe4 $18 Be8 26. Bd3 Nf8 27. Nd4
Qb6 28. Bb1 Rc7 29. Ba2 {[%cal Ge5e6]} Rd8 30. Bd5 b4 31. axb4 Qxb4 32. e6 $1
fxe6 33. Nxe6 Qc4 34. Qd4 Qxd4 35. Nxc7+ 1-0

[Event "Olympiad-38"]
[Site "Dresden"]
[Date "2008.11.19"]
[Round "6"]
[White "Kramnik, Vladimir"]
[Black "Short, Nigel D"]
[Result "1-0"]
[WhiteElo "2772"]
[BlackElo "2642"]
[Annotator "Krasenkow,M"]
[PlyCount "93"]
[EventDate "2008.11.13"]
[EventType "team-swiss"]
[EventRounds "11"]
[EventCountry "GER"]
[SourceTitle "CBM 128"]
[Source "ChessBase"]
[SourceDate "2009.01.28"]
[SourceVersion "1"]
[SourceVersionDate "2009.01.28"]
[SourceQuality "1"]
[WhiteTeam "Russia"]
[BlackTeam "England"]
[WhiteTeamCountry "RUS"]
[BlackTeamCountry "ENG"]

1. d4 Nc6 2. Nf3 d5 3. c4 Bg4 4. Nc3 e6 5. cxd5 exd5 6. Bf4 {A quiet response
to the Chigorin Defence.} Bd6 7. Bg3 Nge7 8. e3 Qd7 {Here are other practical
examples:} (8... a6 9. Bd3 (9. a3 Bxg3 10. hxg3 Qd6 11. Na4 Nd8 12. Nc5 Rb8 13.
Rc1 Ne6 14. Qa4+ c6 15. b4 f6 16. Bd3 Bf5 $4 (16... g6 $14) 17. Bxf5 Nxf5 18.
Nxb7 {1-0 Spiridonov,N (2405)-Ligoure,G (2240)/Cannes 1990/EXT 1997}) 9... Bh5
10. a3 Bg6 11. b4 Na7 12. Na4 Nb5 13. Nc5 Bxg3 14. hxg3 Nd6 15. Ne5 Bxd3 16.
Qxd3 g6 17. g4 c6 18. a4 b5 19. a5 Nc4 20. Ke2 Qd6 21. f4 Kf8 22. g5 Nf5 23.
Rh3 Kg7 24. Rah1 Qc7 25. g4 Nfd6 26. Rh6 $16 {1-0 Cebalo,M (2515)-Fioramonti,H/
Martigny 1986/EXT 2002 (36)}) (8... O-O 9. Be2 (9. Rc1 Qd7 10. Be2 Rfe8 11. a3
Nf5 12. Bxd6 Qxd6 13. O-O a6 14. Qb3 Nce7 15. Rfe1 Rab8 16. Rcd1 c6 17. e4 Bxf3
18. Bxf3 Nh4 19. Na4 Qf4 20. Nc5 {1/2 Lalic,B (2503)-Skytte,R (2404)/Aarhus
2003/CBM 097}) (9. Bd3 {[%cal Rd3h7]} h6 (9... Kh8 10. a3 a6 11. Qc2 Qd7 12. b4
Bxf3 13. gxf3 Rae8 14. Ne2 a5 15. b5 Na7 16. O-O h5 17. Rfc1 c6 18. bxc6 Naxc6
19. Kh1 g5 20. Rg1 Rg8 21. Nc3 $14 {1-0 Iskusnyh,S (2482)-Kuzmin,I (2198)/
Russia 2007/EXT 2008 (36)}) 10. a3 Bxg3 11. hxg3 Qd6 12. Rc1 Qf6 13. Be2 Rad8
14. Nb5 a6 15. Nc3 Rfe8 16. Na4 Nf5 17. O-O a5 18. Nc5 b6 19. Nd3 $14 {1-0
Bosboom Lanchava,T (2363)-Botsari,A (2297)/Ermioni Argolidas 2005/CBM 107 ext 
(26)}) 9... Nf5 (9... a6 10. Rc1 Qd7 11. a3 f5 12. Bxd6 Qxd6 13. g3 $5 Rae8 14.
O-O f4 $2 (14... Kh8 15. Na4 $14 {Atalik,S}) 15. exf4 $2 (15. gxf4 $1 Bh3 16.
Re1 Qg6+ 17. Ng5 $16 h6 $140 $2 18. Bh5 $18 {Atalik,S}) 15... Nf5 16. Ne5 $2 (
16. Qd3 $1 $16 {Atalik,S}) 16... Bh3 17. Nxd5 $2 Nfxd4 $1 18. Bc4 Rxe5 $1 19.
fxe5 Nxe5 20. Nf4+ Nxc4 21. Nxh3 Nf3+ 22. Kh1 Ncd2 23. Ng1 Nxf1 24. Qb3+ Kh8
25. Nxf3 Nd2 26. Nxd2 Qxd2 27. Qc2 $11 {1-0 Atalik,S (2619)-Hamad,A (2277)/
Izmir 2006/EXT 2007/[Atalik] (40)}) (9... Ng6 $5 10. Rc1 Nce7 11. Bxd6 Qxd6 12.
O-O c6 13. Na4 Nc8 14. Nc5 Qe7 15. b4 Nd6 16. a4 {1/2 Sundararajan,K (2495)
-Roy Chowdhury,S (2393)/Visakhapatnam 2006/CBM 111 ext}) 10. Qb3 (10. Qc2 Nh6
11. a3 Re8 12. Nb5 Bf5 13. Bd3 Bb4+ $6 14. Ke2 $6 (14. axb4 Nxb4 15. Bxf5 Nxc2+
16. Bxc2 $16) 14... Be4 $2 (14... Bxd3+ 15. Qxd3 Ba5) 15. Bxe4 $2 (15. Nxc7 $1
Bxf3+ 16. Kf1 $1 $16) 15... dxe4 16. Ne5 Nxe5 17. Bxe5 Bd6 18. Qxe4 $13 {
0-1 Savchenko,S (2532)-Schuermans,R (2239)/Le Touquet 2006/EXT 2007 (24)})
10... Nxg3 11. hxg3 Bb4 12. Rc1 Qd6 13. O-O Bxc3 14. Rxc3 Nd8 15. Bd3 Bxf3 16.
gxf3 c6 17. Kg2 g6 18. Rh1 Kg7 19. g4 Qd7 20. Rcc1 f6 21. Rh4 Nf7 22. Rch1 $14
{1-0 Relange,E (2490)-Schuermans,R (2165)/Le Touquet 1998/EXT 2000 (30)}) 9. a3
(9. Be2 O-O 10. O-O Bxg3 11. hxg3 Ng6 $6 {Here it doesn't work.} 12. Qb3 $1
Nce7 13. Qxb7 Rfb8 14. Qa6 Rxb2 15. Qa3 Rbb8 16. Rab1 c6 17. Rfc1 Bf5 18. Rb3
Rxb3 19. axb3 Rb8 20. Na4 Qb7 21. Nc5 $16 {1-0 Milos,G-Van Riemsdijk,H (2375)/
Brasilia 1982/EXT 2002 (72)}) 9... O-O 10. Bd3 a6 11. Bxd6 Bxf3 (11... Qxd6 $2
12. Bxh7+ $1 Kxh7 13. Ng5+ Kg6 14. Qxg4 f5 15. Qf4 Qxf4 16. exf4 Nxd4 17. O-O-O
$16 {[%csl Gg5,Rg6]}) 12. Qxf3 Qxd6 13. Qg3 Rfd8 14. b4 $14 {Black has yet to
rearrange his knights; White is preparing his queenside attack.} g6 $6 {
Looks like a loss of time.} (14... Nc8 {could have been met with} 15. b5 $1) ({
but} 14... Na7 $5 15. Na4 Nac8 16. Rc1 c6 17. Nc5 Rb8 {, then trying to
transfer the knight to d6 (or just putting it to b6), was probably still
possible.}) 15. Na4 Nc8 16. Rc1 {The c6 knight can't move now.} Ra7 17. O-O b5
$6 {Desperation but what to do? If Black waits, White doubles his rooks along
the c-file.} 18. Qxd6 Rxd6 19. Nc3 $1 {[%cal Rc3d5]} (19. Nc5 $143 Nb6) 19...
N6e7 20. Bxb5 $1 {In the endgame a rook and two pawns are usually stronger
than two knights.} axb5 21. Nxb5 Rda6 (21... Rb7 22. Nxd6 Nxd6 23. Rc5) 22.
Nxa7 Rxa7 {[%mdl 4096]} 23. Rc5 Nb6 (23... Rxa3 24. Rxc7 {[%csl Gb4]}) 24. Ra1
Kf8 25. a4 $1 Ke8 26. a5 Nc4 27. Ra2 f5 28. Kf1 Kd7 29. Ke2 Nd6 $2 {This
allows the white pawns to move forward.} (29... c6 30. Kd3 Nd6 31. f3 $14) 30.
b5 $1 Nc4 ({Black probably overlooked} 30... Nb7 31. Rxc7+ $1 Kxc7 32. b6+ Kb8
33. bxa7+ Kxa7 34. Rc2 $18) 31. Ra4 $5 Kd8 (31... Rxa5 $2 32. Rcxc4) (31...
Nxa5 $2 32. Rc2 {[%cal Rc2a2]}) 32. a6 Nb6 33. Ra1 Nec8 34. h3 $1 {Opening a
"second front" - a standard technique.} h5 35. g4 $1 hxg4 36. hxg4 fxg4 37. Rg1
Ne7 38. Rxg4 Na4 39. Rh4 $5 c6 {It was probably better for Black to accept the
exchange sacrifice but White should win anyway:} (39... Nxc5 40. dxc5 Kd7 41.
Rh8 {[%cal Ye2d3,Yd3c3,Yc3b4,Yb4a5,Yb5b6]} Nc6 $5 42. Kd2 $1 Nb4 (42... d4 43.
e4 $5) 43. Rh7+ $1 Kd8 (43... Ke6 44. Kc3 Nxa6 45. bxa6 Rxa6 46. Rxc7 $18 {_|_}
) 44. Rh4 Nc6 (44... Nxa6 45. Ra4) 45. Rh8+ Kd7 46. Kc3 $18) 40. Rh8+ Kc7 41.
Rc2 Nb6 42. Rh7 Kb8 43. bxc6 Rc7 44. Kf3 Ka7 45. Ra2 Nbc8 46. Rb2 Kxa6 $4 {
[%mdl 8192] A blunder in a lost position.} (46... Rxc6 47. Rb7+ Kxa6 48. Rbxe7
Nxe7 49. Rxe7 Rf6+ 50. Kg3 Kb6 51. Re5 Kc6 52. f4 Rd6 53. Kg4 Kd7 54. Kg5 $18 {
[%cal Yg5h6,Yh6g7,Yg7f7]}) (46... Nb6 47. Ke2 Kxa6 48. f3 {[%cal Ye3e4]}) 47.
Rh1 (47. Rh1 Nxc6 48. Ra1+ Na5 49. Rba2 $18) 1-0